[Event "SVK-ch Region"]
[Site "Slovakia"]
[Date "2006.07.01"]
[Round "1"]
[White "Benko, Jozef"]
[Black "Kudlik, Vladimir"]
[Result "1-0"]
[WhiteElo "1565"]
[BlackElo "1863"]
[PlyCount "80"]
[EventDate "2006.06.04"]
[EventType "swiss"]
[EventRounds "9"]
[EventCountry "SVK"]
[SourceTitle "EXT 2007"]
[Source "ChessBase"]
[SourceDate "2006.11.23"]
[SourceVersion "1"]
[SourceVersionDate "2006.11.23"]
[SourceQuality "1"]

1. e4 Nf6 2. Nc3 Nc6 3. Nf3 d6 4. d4 Bg4 5. Be2 e6 6. Bg5 Be7 7. 0-0 h6 8. Be3 0-0 9. Re1 a6 10. a3 Re8 11. Qd2 Bf8 12. Rad1 d5 13. e5 Nd7 14. h3 Bf5 15. Bd3 Bxd3 16. Qxd3 b5 17. Ne2 Nb6 18. g4 Ne7 19. Ng3 Ng6 20. g5 Nc4 21. Bc1 hxg5 22. b3 Nf4 23. Bxf4 gxf4 24. Nh5 Nb2 25. Qd2 Nxd1 26. Rxd1 Be7 27. Qxf4 g6 28. Kh1 Kh7 29. Nf6+ Bxf6 30. exf6 Rh8 31. Re1 Kg8 32. Kg2 Qd6 33. Ne5 Kf8 34. Qg4 Ke8 35. Re3 c5 36. dxc5 Qxc5 37. Nxf7 Kxf7 38. Qxe6+ Kf8 39. Qd7 Qa7 40. Qd6+ Kg8 1-0

[Event "SVK-ch Region"]
[Site "Sklene Teplice"]
[Date "2005.??.??"]
[Round "?"]
[White "Marvanyi, Milan"]
[Black "Kudlik, Vladimir"]
[Result "1/2-1/2"]
[WhiteElo "1851"]
[BlackElo "1834"]
[PlyCount "152"]
[EventDate "2005.??.??"]
[EventType "swiss"]
[EventRounds "9"]
[EventCountry "SVK"]
[SourceTitle "EXT 2007"]
[Source "ChessBase"]
[SourceDate "2006.11.23"]
[SourceVersion "1"]
[SourceVersionDate "2006.11.23"]
[SourceQuality "1"]

1. d4 Nf6 2. c4 g6 3. Nc3 Bg7 4. e4 d6 5. Be2 0-0 6. Nf3 Nbd7 7. 0-0 c5 8. d5 Re8 9. Be3 Ng4 10. Bd2 a6 11. a4 Nf8 12. h3 Nf6 13. Qc2 Qc7 14. Bd3 e5 15. Rab1 Nh5 16. Qc1 f5 17. b4 b6 18. Ne2 Bd7 19. bxc5 bxc5 20. a5 fxe4 21. Bxe4 Nf6 22. Ng3 Rab8 23. Qc2 Nxe4 24. Qxe4 Rxb1 25. Rxb1 Rb8 26. Ne1 Ba4 27. Qd3 Be8 28. Ne4 Nd7 29. Qc2 h6 30. Nd3 Kh7 31. Rb3 Rxb3 32. Qxb3 g5 33. f3 Kg6 34. Qb1 Bf8 35. Ndf2 Kg7 36. Ng4 Bg6 37. Qb3 Be7 38. Qa4 Nb8 39. Qb3 Nd7 40. Bc3 Qb8 41. Qxb8 Nxb8 42. Nxc5 h5 43. Ne6+ Kh7 44. Ne3 Kg8 45. g4 hxg4 46. hxg4 Bd3 47. Bb4 Kf7 48. Kf2 e4 49. fxe4 Bxe4 50. Bxd6 Bxd6 51. Nxg5+ Ke8 52. Nxe4 Bb4 53. c5 Bxa5 54. Nc4 Bd8 55. d6 a5 56. g5 Nc6 57. g6 Kf8 58. Ned2 Kg7 59. Kf3 Kxg6 60. Ke4 Kf6 61. Nb3 a4 62. Nd4 Nxd4 63. Kxd4 Ke6 64. Na3 Bf6+ 65. Kc4 Bb2 66. Kb4 Kd5 67. d7 Bf6 68. Kb5 Bd8 69. Nc2 Ke6 70. c6 Kd6 71. Ne3 Kc7 72. Nc4 Bg5 73. Na3 Be7 74. Nc2 a3 75. Na1 Bf6 76. Nb3 a2 1/2-1/2